000 00296nam a22001337a 4500
008 181221b xxu||||| |||| 00| 0 eng d
020 _a0716705397
041 _aeng
080 _a321
100 _a19
101 _aSHP
245 _aPassion, Action, and Politics
_cTallman, I
942 _2udc
_cBK
999 _c53639
_d53639